[Event "FIDE Chesscom Grand Swiss 2019"]
[Site "Douglas-Isle of Man"]
[Date "2019.10.21"]
[Round "11.16"]
[White "Jumabayev, Rinat"]
[Black "Kashlinskaya, Alina"]
[Result "1-0"]
[WhiteElo "2630"]
[BlackElo "2481"]
[Annotator "RC"]
[PlyCount "113"]
[EventDate "2019.10.10"]
[EventType "swiss"]
[EventCountry "GBR"]
[SourceTitle "playchess.com"]
[Source "ChessBase"]
[SourceQuality "1"]
[TimeControl "40/6000+30:20/3000+30:900+30"]

1. c4 {[%emt 0:00:00]} e5 {[%emt 0:00:00]} 2. e3 {[%emt 0:00:00]} Nf6 {[%emt 0:01:10]} 3. Nc3 {[%emt 0:00:00]} Bb4 {[%emt 0:02:13]} 4. Nge2 {[%emt 0:00:00]} O-O {[%emt 0:05:42]} 5. Nd5 {[%emt 0:06:12]} Nxd5 {[%emt 0:11:26]} 6. cxd5 {[%emt 0:00:05]} d6 {[%emt 0:00:12]} 7. a3 {[%emt 0:03:03]} Ba5 {[%emt 0:00:25]} 8. Nc3 {[%emt 0:00:53]} Nd7 {[%emt 0:01:29]} 9. b4 {[%emt 0:04:38]} Bb6 {[%emt 0:00:05]} 10. Na4 {[%emt 0:01:00]} f5 {[%emt 0:09:03]} 11. Be2 {[%emt 0:02:25]} Nf6 {[%emt 0:01:29]} 12. Qb3 {[%emt 0:00:09]} Bd7 {[%emt 0:06:42]} 13. Nxb6 {[%emt 0:02:24]} axb6 {[%emt 0:00:06]} 14. O-O {[%emt 0:00:11]} Qe7 {[%emt 0:04:26]} 15. Bb2 {[%emt 0:07:12]} Qf7 {[%emt 0:00:52]} 16. f4 {[%emt 0:00:55]} Rae8 {[%emt 0:09:14]} 17. fxe5 {[%emt 0:05:15]} dxe5 {[%emt 0:01:45]} 18. Rac1 {[%emt 0:06:56]} c6 {[%emt 0:03:10]} 19. b5 {[%emt 0:02:05]} Kh8 {[%emt 0:05:25]} 20. a4 {[%emt 0:07:02]} Qxd5 {[%emt 0:04:09]} 21. Qxd5 {[%emt 0:10:56]} Nxd5 {[%emt 0:01:34]} 22. Bc4 {[%emt 0:02:03]} Nc7 {[%emt 0:08:08]} 23. Bb3 {[%emt 0:09:47]} e4 {[%emt 0:02:27]} 24. g4 {[%emt 0:13:29]} fxg4 {[%emt 0:01:44]} 25. Be5 {[%emt 0:03:40]} Be6 {[%emt 0:07:52]} 26. Rxf8+ {[%emt 0:04:55]} Rxf8 {[%emt 0:00:04]} 27. Bd1 {[%emt 0:01:38]} Nd5 {[%emt 0:03:31]} 28. bxc6 {[%emt 0:00:23]} bxc6 {[%emt 0:00:03]} 29. Rxc6 {[%emt 0:00:06]} Re8 {[%emt 0:00:39]} 30. Bd4 {[%emt 0:02:36]} h5 {[%emt 0:00:31]} 31. Be2 {[%emt 0:02:32]} Bf7 {[%emt 0:07:39]} 32. Bc4 {[%emt 0:06:51]} Re7 {[%emt 0:00:24]} 33. Rd6 {[%emt 0:05:43]} Nf6 {[%emt 0:02:27]} 34. Bb5 {[%emt 0:00:15]} Nd5 {[%emt 0:03:16]} 35. Bxb6 {[%emt 0:01:14]} Nxb6 {[%emt 0:03:12]} 36. Rxb6 {[%emt 0:00:02]} Ra7 {[%emt 0:00:57]} 37. Bc6 {[%emt 0:00:15]} Bg6 {[%emt 0:00:43]} 38. Rb7 {[%emt 0:01:32]} Ra5 {[%emt 0:01:49]} 39. Bb5 {[%emt 0:00:28]} Kh7 {[%emt 0:00:05]} 40. Rb6 {[%emt 0:00:33]} Ra8 {[%emt 0:00:34]} 41. Bc6 {[%emt 0:05:46]} Rd8 {[%emt 0:05:33]} 42. Rb2 {[%emt 0:00:43]} Rc8 {[%emt 0:02:29]} 43. Rc2 {[%emt 0:01:28]} Rb8 {[%emt 0:02:18]} 44. Kg2 {[%emt 0:04:54]} Rb1 {[%emt 0:02:34]} 45. Rc4 {[%emt 0:06:11]} Rb2 {[%emt 0:12:10]} 46. Rd4 {[%emt 0:00:12]} Rc2 {[%emt 0:04:01]} 47. Bd7 {[%emt 0:07:31]} Ra2 {[%emt 0:00:10]} 48. Kg3 {[%emt 0:02:24]} Kh6 {[%emt 0:02:24]} 49. Kf4 {[%emt 0:03:32]} Ra1 {[%emt 0:00:19]} 50. Bb5 {[%emt 0:02:07]} Rg1 {[%emt 0:04:32]} 51. a5 {[%emt 0:08:34]} h4 {[%emt 0:00:13]} 52. Rd6 {[%emt 0:02:21]} Kh7 {[%emt 0:03:52]} 53. Bd7 {[%emt 0:01:30]} g3 {[%emt 0:00:58]} 54. hxg3 {[%emt 0:02:03]} hxg3 {[%emt 0:00:38]} 55. a6 {[%emt 0:01:13]} Rf1+ {[%emt 0:10:21]} 56. Kxg3 {[%emt 0:00:08]} Bf5 {[%emt 0:00:05]} 57. a7 {[%emt 0:00:30]} 1-0

[Event "FIDE Chesscom Grand Swiss 2019"]
[Site "Douglas-Isle of Man"]
[Date "2019.10.21"]
[Round "11.17"]
[White "Abasov, Nijat"]
[Black "Xiong, Jeffery"]
[Result "1/2-1/2"]
[WhiteElo "2632"]
[BlackElo "2708"]
[Annotator "TA"]
[PlyCount "61"]
[EventDate "2019.10.10"]
[EventType "swiss"]
[EventCountry "GBR"]
[SourceTitle "playchess.com"]
[Source "ChessBase"]
[SourceQuality "1"]

{[%evp 20,61,14,9,14,0,14,0,0,-14,0,-6,0,-4,9,6,10,2,14,17,6,10,26,7,5,8,7,9,8,7,7,7,9,0,2,2,4,0,0,0,3,0,0,0]} 1. Nf3 d5 2. d4 Nf6 3. c4 dxc4 4. e3 a6 5. a4 e6 6. Bxc4 c5 7. O-O Nc6 8. Nc3 Qc7 9. Qe2 Bd6 10. Rd1 O-O 11. h3 h6 {D27: Queen's Gambit Accepted: Classical main line: 7 e4!? and 7 a4} (11... Na5 12. Ba2 Bd7 13. Bd2 Bc6 14. d5 exd5 15. Nxd5 Bxd5 16. Bxd5 Nxd5 17. Bxa5 Qxa5 18. Rxd5 Rad8 19. Rad1 {½-½ (45) Shtembuliak,E (2548)-Xiong,J (2703) Irving 2019}) 12. dxc5 Bxc5 13. e4 Nd7 14. Be3 {[#] And now Rxd7! would win.} b6 {[#]} 15. Qd2 $146 ({Predecessor:} 15. Rd2 Bb7 16. Rad1 Rfd8 17. Nd4 Nxd4 18. Bxd4 Bxd4 19. Rxd4 {½-½ (53) Vyzmanavin,A (2565)-Drasko,M (2510) Moscow 1988}) 15... Bxe3 16. Qxe3 Bb7 17. Rac1 Nc5 18. Bf1 Nb3 19. Nd5 exd5 20. Qxb3 dxe4 21. Nd4 (21. Nh4 {with more complications.} Rfd8 22. Nf5 Qe5 23. g4 b5 24. axb5 axb5 25. Bxb5 Ne7 26. Rd7) 21... Nxd4 {The position is equal.} 22. Rxc7 Nxb3 23. Rxb7 Nc5 24. Rxb6 Nxa4 25. Rb4 Nc5 26. Rd5 Rfc8 27. Rc4 Ne6 28. Re5 Rcb8 29. b4 Rb6 30. Rcxe4 Rab8 31. Ra5 {Accuracy: White = 62%, Black = 83%.} 1/2-1/2

[Event "FIDE Chesscom Grand Swiss 2019"]
[Site "Douglas-Isle of Man"]
[Date "2019.10.21"]
[Round "11.17"]
[White "Alekseev, Evgeny"]
[Black "Baron, Tal"]
[Result "1/2-1/2"]
[WhiteElo "2629"]
[BlackElo "2531"]
[Annotator "RC"]
[PlyCount "56"]
[EventDate "2019.10.10"]
[EventType "swiss"]
[EventCountry "GBR"]
[SourceTitle "playchess.com"]
[Source "ChessBase"]
[SourceQuality "1"]
[TimeControl "40/6000+30:20/3000+30:900+30"]

1. c4 {[%emt 0:00:00]} c5 {[%emt 0:00:51]} 2. g3 {[%emt 0:03:10]} g6 {[%emt 0:01:08]} 3. Bg2 {[%emt 0:00:15]} Bg7 {[%emt 0:00:02]} 4. Nc3 {[%emt 0:00:28]} Nc6 {[%emt 0:00:04]} 5. d3 {[%emt 0:01:17]} d6 {[%emt 0:05:16]} 6. e3 {[%emt 0:03:23]} e6 {[%emt 0:00:58]} 7. Nge2 {[%emt 0:04:25]} Nge7 {[%emt 0:00:04]} 8. O-O {[%emt 0:01:40]} O-O {[%emt 0:00:04]} 9. a3 {[%emt 0:02:21]} a6 {[%emt 0:01:14]} 10. Rb1 {[%emt 0:00:32]} Rb8 {[%emt 0:01:27]} 11. b4 {[%emt 0:00:19]} cxb4 {[%emt 0:00:07]} 12. axb4 {[%emt 0:00:04]} b5 {[%emt 0:00:20]} 13. cxb5 {[%emt 0:03:37]} axb5 {[%emt 0:00:02]} 14. d4 {[%emt 0:02:01]} d5 {[%emt 0:00:18]} 15. Nf4 {[%emt 0:02:39]} Nf5 {[%emt 0:00:12]} 16. Nd3 {[%emt 0:00:18]} Nd6 {[%emt 0:00:09]} 17. Qb3 {[%emt 0:01:01]} Re8 {[%emt 0:03:17]} 18. Nc5 {[%emt 0:09:02]} Re7 {[%emt 0:02:48]} 19. Ra1 {[%emt 0:01:33]} Bd7 {[%emt 0:09:49]} 20. Ra6 {[%emt 0:08:23]} Be8 {[%emt 0:02:44]} 21. Bb2 {[%emt 0:00:20]} Ra8 {[%emt 0:01:05]} 22. Rfa1 {[%emt 0:02:18]} Rea7 {[%emt 0:02:47]} 23. Rxa7 {[%emt 0:00:24]} Rxa7 {[%emt 0:00:07]} 24. Rxa7 {[%emt 0:00:04]} Nxa7 {[%emt 0:00:06]} 25. Bc1 {[%emt 0:01:12]} Qb6 {[%emt 0:01:39]} 26. Bb2 {[%emt 0:01:03]} Qd8 {[%emt 0:00:31]} 27. Bc1 {[%emt 0:00:05]} Qb6 {[%emt 0:00:04]} 28. Bb2 {[%emt 0:00:03]} Qd8 {[%emt 0:00:59]} 1/2-1/2

[Event "FIDE Chesscom Grand Swiss 2019"]
[Site "Douglas-Isle of Man"]
[Date "2019.10.21"]
[Round "11.18"]
[White "Grandelius, Nils"]
[Black "Sethuraman, S.P."]
[Result "1/2-1/2"]
[WhiteElo "2691"]
[BlackElo "2624"]
[Annotator "TA"]
[PlyCount "62"]
[EventDate "2019.10.10"]
[EventType "swiss"]
[EventCountry "GBR"]
[SourceTitle "playchess.com"]
[Source "ChessBase"]
[SourceQuality "1"]

{[%evp 9,62,22,20,20,20,19,26,13,35,33,33,19,18,16,35,21,37,30,38,27,33,33,33,36,40,40,74,74,77,75,77,77,77,70,59,0,29,28,8,0,39,32,57,-22,0,0,0,0,0,0,0,0,0,0,0]} 1. e4 e5 2. Nf3 Nc6 3. Bb5 Nf6 4. d3 Bc5 5. Bxc6 dxc6 6. O-O {C65: Ruy Lopez: Berlin Defence (3...Nf6), unusual lines and 4 0-0 Bc5} (6. Nbd2 Be6 7. O-O Nd7 8. Nb3 Bb6 9. Ng5 Bxb3 10. axb3 Qe7 11. Nf3 O-O 12. Nd2 Nc5 13. Nc4 f6 {1-0 (102) Dominguez Perez,L (2763)-Wang,H (2726) Khanty-Mansiysk 2019}) 6... Bd6 7. h3 Be6 8. Ng5 {White has an edge.} Qe7 (8... Bd7 {seems wilder.} 9. Re1 h6 10. Nf3 Be6 11. Nbd2 Nd7) 9. Nxe6 Qxe6 10. Qf3 $146 ({Predecessor:} 10. Nc3 O-O 11. f4 exf4 12. Bxf4 Bxf4 13. Rxf4 {½-½ (60) Nash,C-Mori,R LSS email 2006}) 10... Nd7 11. Nd2 a5 12. a4 O-O 13. Nc4 Bb4 14. Qe2 b5 15. Ne3 g6 16. Bd2 Qd6 17. Rfd1 Rfd8 18. c3 Bc5 {[#]} 19. d4 $1 {[%mdl 512]} exd4 20. cxd4 Bxd4 21. Bc3 c5 22. Nc2 ({White should try} 22. axb5 $14 Nf6 23. Nc4) 22... b4 23. Bxd4 cxd4 24. Nxd4 Nc5 25. e5 Qb6 26. Nf3 ({Better is} 26. Qf3 $1 $14 Rf8 27. Nc6) 26... Nb3 {The position is equal.} 27. Rxd8+ Rxd8 28. Rd1 Nd4 29. Nxd4 Rxd4 30. Rxd4 Qxd4 31. e6 $1 {[%cal Re6e7] [#] aiming for e7.} fxe6 {Accuracy: White = 70%, Black = 36%.} 1/2-1/2

[Event "FIDE Chesscom Grand Swiss 2019"]
[Site "Douglas-Isle of Man"]
[Date "2019.10.21"]
[Round "11.18"]
[White "Huschenbeth, Niclas"]
[Black "Dubov, Daniil"]
[Result "0-1"]
[WhiteElo "2624"]
[BlackElo "2699"]
[Annotator "TA"]
[PlyCount "60"]
[EventDate "2019.10.10"]
[EventType "swiss"]
[EventCountry "GBR"]
[SourceTitle "playchess.com"]
[Source "ChessBase"]
[SourceQuality "1"]

{[%evp 23,60,-9,56,50,69,42,48,56,45,49,35,-234,-234,-234,-231,-230,-194,-220,-228,-230,-225,-252,-255,-262,-241,-445,-441,-435,-427,-517,-471,-728,-724,-724,-681,-1001,-994,-1098,-1077]} 1. e4 e5 2. Nf3 Nc6 3. Bc4 Nf6 4. d4 exd4 5. e5 d5 6. Bb5 Ne4 7. Nxd4 Bd7 8. Bxc6 bxc6 9. O-O Be7 10. f3 Nc5 11. f4 Ne4 12. f5 c5 (12... Bc5 $11) 13. Nb3 {C56: Two Knights: 4 d4 exd4 5 0-0 Nxe4} (13. Ne2 Bb5 14. a4 Ba6 15. Nbc3 Nxc3 16. bxc3 Qd7 17. Rf2 O-O-O 18. Nf4 g5 19. Nh5 Rhg8 20. Qg4 Kb8 {1-0 (49) Jones,G (2635)-Naiditsch,A (2693) Baku 2016}) 13... Bb5 14. Re1 Bh4 {Threatens to win with ...Bf2+.} 15. g3 {[#]White is slightly better.} Nxg3 $1 {[%mdl 512]} 16. hxg3 $146 ({Predecessor:} 16. Nc3 Bc4 17. hxg3 Bxg3 18. Qg4 Bxe1 19. Bg5 f6 20. exf6 gxf6 21. Rxe1+ Kd7 22. Nxc5+ Kc8 23. Qh5 fxg5 24. Qf7 a5 25. Qe6+ Kb8 26. Qc6 Ra7 27. b3 Qd6 {1-0 (27) Lamas,M-Sancho Cortes,M Zaragoza 1990}) 16... Bxg3 {White must now prevent ...Qh4.} 17. Nc3 $2 {[%mdl 8192]} ({Reject} 17. Nxc5 Qh4 $17) (17. Qg4 $14 {keeps the upper hand.} Bxe1 18. Na3) 17... Qh4 $19 {[%csl Gg3][%cal Rh4h2]} 18. Re2 Bxe2 19. Qxe2 {[#]} O-O $1 $40 {[%mdl 128] Hoping for ...Rae8. White is in trouble.} 20. Nxc5 {[#]} Bxe5 $1 {[%mdl 512]} 21. Nd3 ({Much worse is} 21. Qxe5 Rfe8) 21... Rfe8 {And now ...Bd4+ would win.} ({Don't take} 21... Bd4+ 22. Kg2) 22. Qg2 Bd4+ 23. Kf1 Qh5 {...Bxc3 is the strong threat.} 24. Nf4 $2 (24. Bf4 c6 25. a3) 24... Qxf5 {Black is clearly winning.} (24... Qh4 $2 25. Nce2 $17) 25. Qxd5 Qf6 26. Ne4 Qa6+ 27. Nd3 (27. Ne2 $142 Rad8 28. Qf5) 27... Rad8 28. Qf5 Qc6 29. Ndf2 Re5 30. Qf4 Rde8 {Accuracy: White = 54%, Black = 95%.} 0-1

[Event "FIDE Chesscom Grand Swiss 2019"]
[Site "Douglas-Isle of Man"]
[Date "2019.10.21"]
[Round "11.19"]
[White "Rakhmanov, Aleksandr"]
[Black "Inarkiev, Ernesto"]
[Result "1/2-1/2"]
[WhiteElo "2621"]
[BlackElo "2693"]
[Annotator "TA"]
[PlyCount "80"]
[EventDate "2019.10.10"]
[EventType "swiss"]
[EventCountry "GBR"]
[SourceTitle "playchess.com"]
[Source "ChessBase"]
[SourceQuality "1"]

{[%evp 20,80,7,0,0,0,8,4,10,10,10,8,25,33,37,57,54,58,95,63,52,53,56,50,50,51,52,22,21,27,27,35,40,0,0,0,0,0,0,0,0,0,0,0,0,0,0,0,0,0,0,0,0,0,0,0,0,0,0,0,0,0,0]} 1. Nf3 c5 2. c4 Nf6 3. g3 d5 4. cxd5 Nxd5 5. Bg2 Nc6 6. d4 cxd4 7. Nxd4 Ndb4 8. Nxc6 Qxd1+ 9. Kxd1 Nxc6 10. Bxc6+ bxc6 11. Be3 a5 {A30: Symmetrical English: Double Fianchetto and Hedgehog} 12. Kd2 $146 ({Predecessor:} 12. Nd2 a4 13. f3 g6 14. Bd4 f6 15. Rc1 Be6 16. a3 Rc8 17. Rc5 Rd8 18. Be3 Bg7 19. Ke1 {½-½ (31) Rakhmanov,A (2629)-Anton Guijarro,D (2652) Linares 2018}) 12... e5 13. Rc1 Rb8 14. b3 Bb4+ 15. Kd1 O-O 16. Bd2 a4 17. bxa4 Rd8 18. Ke1 Be6 19. Bxb4 (19. Rxc6 {is interesting.} Bd7 20. Rc4 Bf8 21. a3 f6 22. Ba5) 19... Rxb4 20. Nc3 Ra8 21. Rab1 Rc4 22. a3 c5 23. Nb5 {[#] Strongly threatening Rxc4.} Raxa4 24. Rxc4 Bxc4 $11 {[%mdl 4096] Endgame KRB-KRN} (24... Rxc4 $2 {perishes.} 25. Nd6 $18) 25. Nc3 {[%cal Rb1b8]} Ra8 26. Ne4 f6 {The position is equal.} 27. Ra1 Ra5 $1 28. Rc1 Ba6 29. Rxc5 Rxa3 30. Nc3 Kf7 31. Kd2 Rb3 32. Rc6 Bb7 33. Rc7+ Kg6 34. h4 h5 35. Kc2 Rb4 36. Kd2 Rd4+ 37. Ke1 Ba6 38. Rc6 Bb7 39. Rc7 Ba8 40. Rc8 Bg2 {Accuracy: White = 84%, Black = 73%.} 1/2-1/2

[Event "FIDE Chesscom Grand Swiss 2019"]
[Site "Douglas-Isle of Man"]
[Date "2019.10.21"]
[Round "11.19"]
[White "Vocaturo, Daniele"]
[Black "Jones, Gawain C B"]
[Result "1/2-1/2"]
[WhiteElo "2620"]
[BlackElo "2688"]
[Annotator "TA"]
[PlyCount "160"]
[EventDate "2019.10.10"]
[EventType "swiss"]
[EventCountry "GBR"]
[SourceTitle "playchess.com"]
[Source "ChessBase"]
[SourceQuality "1"]

{[%evp 9,160,19,22,18,19,10,12,16,34,11,18,7,12,10,14,8,19,-24,-29,-46,-23,-21,20,7,21,0,7,7,16,-9,7,7,7,7,27,7,7,0,66,68,88,0,82,47,72,50,61,52,86,85,89,79,64,0,81,88,111,70,75,0,86,72,77,52,68,72,93,47,76,0,82,45,60,0,93,0,62,0,77,52,65,0,64,0,57,35,35,35,47,35,35,31,58,35,55,35,36,39,51,0,0,0,0,0,0,0,0,0,0,-19,-12,-12,-12,-19,-19,-19,-19,-26,-25,-27,-19,-20,-12,-27,-19,-27,-27,-27,-27,-27,-27,-27,-27,-27,-27,-32,-27,-27,-27,-27,-27,-27,-27,-27,-26,-27,0,-18,0,-27,-27,-27,0]} 1. e4 e5 2. Nf3 Nc6 3. Bb5 Nf6 4. d3 Bc5 5. Bxc6 dxc6 6. O-O {C65: Ruy Lopez: Berlin Defence (3...Nf6), unusual lines and 4 0-0 Bc5} (6. Nbd2 Be6 7. O-O Nd7 8. Nb3 Bb6 9. Ng5 Bxb3 10. axb3 Qe7 11. Nf3 O-O 12. Nd2 Nc5 13. Nc4 f6 {1-0 (102) Dominguez Perez,L (2763)-Wang,H (2726) Khanty-Mansiysk 2019}) 6... Qe7 7. Nbd2 Bg4 8. Nc4 {The position is equal.} Nd7 9. h3 Bh5 10. a3 O-O-O $146 ({Predecessor:} 10... f6 11. b4 Bb6 12. a4 a6 13. Ba3 Ba7 {1-0 (33) Runic,Z (2389)-Krgovic,V (2235) Banja Vrucica 2014}) 11. b4 Bd4 12. Rb1 $1 f6 13. Ne3 Bxe3 14. fxe3 Bxf3 15. Qxf3 Nf8 16. Bd2 Ne6 17. Qe2 Rd6 18. Bc3 Qd7 19. Kh2 b6 20. a4 Kb7 21. Ra1 Rd8 22. Rfb1 a6 23. Qe1 b5 (23... Rh8 $11) 24. Ra3 Ng5 25. Raa1 (25. Qe2 $16) 25... Qe7 (25... Ne6 $11) 26. Qg3 Qe8 27. Rf1 R6d7 28. Ra3 Qg6 29. Qf2 Rd6 30. Raa1 Ne6 31. Ra3 (31. Rfc1 $14) 31... Re8 (31... Ng5 $1 $11) 32. Qe2 $16 Red8 33. Qf3 Ng5 34. Qe2 (34. Qf2 $16) 34... Qe8 (34... Ne6 $11) 35. Raa1 Qe6 36. Qf2 h5 37. Qe2 Rh8 38. Rf5 Qe7 39. Rff1 (39. Ra3 $16) 39... Ne6 (39... Qe6 $1 $11 {keeps the balance.}) 40. Qf3 Ng5 41. Qe2 (41. Qf2 $14) 41... Ne6 (41... Qe6 $11) 42. Qf3 (42. Rfc1 $16) 42... Qe8 (42... Ng5 $11 43. Qf2 h4) 43. Qe2 (43. Rfc1 $14) 43... Rf8 (43... Qe7 $11 {remains equal.}) 44. Rf5 Rh8 45. Rff1 ({Better is} 45. Be1 $14) 45... Qg6 (45... Rf8 $11) 46. Rf5 (46. Be1 $14) 46... h4 (46... Qe8 $1 $11) 47. Kh1 Qe8 48. Qg4 Rh6 49. Kh2 g5 50. Rf2 Qe7 51. Kg1 Rd8 52. Rff1 Qd7 53. Ra3 Nf8 54. Kh2 (54. Qf5 $14) 54... Qxg4 $11 55. hxg4 Nd7 56. Ba1 Nb6 57. a5 Nc8 58. Bb2 Nd6 59. Raa1 Kc8 60. Ba3 Kd7 61. Kh3 Ke6 62. Ra2 Nb7 63. Rc1 Rh7 64. Rb1 Rhd7 65. Raa1 Ra8 66. Ra2 Rdd8 67. Rba1 Kf7 68. Kh2 Rd6 69. Rb1 Re6 70. Kh3 Rd8 71. Kh2 Kg6 72. Kg1 Rd7 73. Kh2 Red6 74. Rb3 Nd8 75. Kh3 Ne6 76. Rc3 Rd8 77. Rb2 Kf7 78. Rbb3 Ke8 79. Bb2 Kd7 80. Ba3 Ke8 {Accuracy: White = 46%, Black = 34%.} 1/2-1/2

[Event "FIDE Chesscom Grand Swiss 2019"]
[Site "Douglas-Isle of Man"]
[Date "2019.10.21"]
[Round "11.20"]
[White "Demchenko, Anton"]
[Black "Vovk, Andriy"]
[Result "1-0"]
[WhiteElo "2655"]
[BlackElo "2618"]
[Annotator "RC"]
[PlyCount "63"]
[EventDate "2019.10.10"]
[EventType "swiss"]
[EventCountry "GBR"]
[SourceTitle "playchess.com"]
[Source "ChessBase"]
[SourceQuality "1"]
[TimeControl "40/6000+30:20/3000+30:900+30"]

1. e4 {[%emt 0:00:12]} c5 {[%emt 0:00:00]} 2. Nf3 {[%emt 0:00:00]} Nc6 {[%emt 0:00:29]} 3. Bb5 {[%emt 0:00:00]} g6 {[%emt 0:00:23]} 4. O-O {[%emt 0:00:16]} Bg7 {[%emt 0:00:13]} 5. Re1 {[%emt 0:00:27]} e5 {[%emt 0:01:22]} 6. Bxc6 {[%emt 0:00:31]} bxc6 {[%emt 0:06:30]} 7. c3 {[%emt 0:01:34]} d6 {[%emt 0:00:42]} 8. d4 {[%emt 0:00:44]} cxd4 {[%emt 0:01:14]} 9. cxd4 {[%emt 0:00:07]} exd4 {[%emt 0:01:26]} 10. Nxd4 {[%emt 0:10:31]} Bb7 {[%emt 0:05:02]} 11. Nc3 {[%emt 0:04:47]} Nf6 {[%emt 0:03:04]} 12. e5 {[%emt 0:28:26]} dxe5 {[%emt 0:01:01]} 13. Rxe5+ {[%emt 0:00:04]} Kf8 {[%emt 0:00:06]} 14. Bg5 {[%emt 0:06:04]} h6 {[%emt 0:08:55]} 15. Bh4 {[%emt 0:01:24]} Kg8 {[%emt 0:05:04]} 16. Nf3 {[%emt 0:06:37]} g5 {[%emt 0:16:00]} 17. Bg3 {[%emt 0:01:40]} Nd5 {[%emt 0:03:28]} 18. Nxd5 {[%emt 0:05:58]} cxd5 {[%emt 0:00:48]} 19. Re1 {[%emt 0:12:28]} d4 {[%emt 0:04:16]} 20. Be5 {[%emt 0:00:26]} d3 {[%emt 0:09:16]} 21. Re3 {[%emt 0:06:30]} Ba6 {[%emt 0:03:14]} 22. Qa4 {[%emt 0:03:11]} Qb6 {[%emt 0:01:57]} 23. Rd1 {[%emt 0:00:08]} Rc8 {[%emt 0:10:58]} 24. h4 {[%emt 0:00:57]} Qc6 {[%emt 0:02:32]} 25. Qg4 {[%emt 0:05:53]} h5 {[%emt 0:06:50]} 26. Qf5 {[%emt 0:00:20]} g4 {[%emt 0:00:30]} 27. Ng5 {[%emt 0:03:58]} Qb7 {[%emt 0:12:57]} 28. Bxg7 {[%emt 0:02:57]} Kxg7 {[%emt 0:00:04]} 29. Re6 {[%emt 0:01:50]} Bc4 {[%emt 0:01:29]} 30. Qf6+ {[%emt 0:01:56]} Kg8 {[%emt 0:00:04]} 31. Nxf7 {[%emt 0:01:49]} Bxe6 {[%emt 0:04:39]} 32. Qxh8+ {[%emt 0:00:16]} 1-0

[Event "FIDE Chesscom Grand Swiss 2019"]
[Site "Douglas-Isle of Man"]
[Date "2019.10.21"]
[Round "11.20"]
[White "Oparin, Grigoriy"]
[Black "Amin, Bassem"]
[Result "1-0"]
[WhiteElo "2654"]
[BlackElo "2699"]
[Annotator "TA"]
[PlyCount "53"]
[EventDate "2019.10.10"]
[EventType "swiss"]
[EventCountry "GBR"]
[SourceTitle "playchess.com"]
[Source "ChessBase"]
[SourceQuality "1"]

{[%evp 22,53,26,21,35,0,6,0,20,22,20,20,25,25,24,19,22,18,15,7,20,14,17,25,0,12,41,48,67,77,537,494,530,530]} 1. e4 e5 2. Nf3 Nc6 3. Bb5 a6 4. Ba4 Nf6 5. O-O Be7 6. Re1 b5 7. Bb3 d6 8. c3 O-O 9. h3 Nb8 10. d4 Nbd7 11. c4 c6 12. Nc3 {[%cal Bb1c3,Bc3e2,Be2g3][%mdl 32]} b4 {C95: Closed Ruy Lopez: Breyer Variation with 10 d4} 13. Ne2 (13. Na4 c5 14. d5 Ne8 15. Bc2 g6 16. Bh6 Ng7 17. b3 f5 18. exf5 gxf5 19. Qd2 e4 20. Ng5 {0-1 (32) Alekseenko,K (2644)-Hammer,J (2650) chess.com INT 2019}) 13... Nxe4 14. Qc2 Nef6 {The position is equal.} 15. Ng3 c5 16. dxe5 Nxe5 17. Nxe5 dxe5 18. Rxe5 Bd6 19. Re2 Qc7 20. Bg5 {With the idea Bxf6.} Bxg3 21. fxg3 Qxg3 22. Bxf6 $1 gxf6 23. Rf1 $146 Qg6 24. Re3 Qxc2 25. Bxc2 {And now Rg3+ would win.} Be6 $2 {[%mdl 8192] [#]} (25... Rd8 $16) 26. Rg3+ $1 $18 Kh8 {[#]} 27. Bxh7 $1 {[%mdl 512] Accuracy: White = 93%, Black = 38%.} 1-0

[Event "FIDE Chesscom Grand Swiss 2019"]
[Site "Douglas-Isle of Man"]
[Date "2019.10.21"]
[Round "11.21"]
[White "Vallejo Pons, Francisco"]
[Black "Adhiban, B.."]
[Result "1-0"]
[WhiteElo "2694"]
[BlackElo "2639"]
[Annotator "TA"]
[PlyCount "125"]
[EventDate "2019.10.10"]
[EventType "swiss"]
[EventCountry "GBR"]
[SourceTitle "playchess.com"]
[Source "ChessBase"]
[SourceQuality "1"]

{[%evp 10,125,12,14,34,17,23,27,29,18,37,11,9,5,29,-7,14,0,0,0,0,-15,0,0,0,0,0,0,2,0,0,0,31,31,33,32,32,32,52,52,52,33,58,31,52,52,62,51,79,79,79,79,79,79,81,69,105,106,106,106,106,114,106,106,151,151,139,148,411,371,446,396,370,353,669,669,665,665,636,625,669,655,640,640,625,606,1140,873,2635,1141,4578,4134,2394,2447,1724,1600,1523,1407,5029,1729,950,854,29974,29975,29975,29976,29978,29979,29979,29980,29981,29981,29982,29983,29983,29984,29984,29985]} 1. e4 c6 2. Nf3 d5 3. Nc3 dxe4 4. Nxe4 Nf6 5. Qe2 Nxe4 6. Qxe4 Nd7 {B11: Caro-Kann: Two Knights Variation} (6... Qa5 7. Qh4 Nd7 8. Bc4 Ne5 9. Be2 Nxf3+ 10. Bxf3 Bf5 11. O-O Bxc2 12. d4 e6 13. Qg3 Bg6 14. h4 {1-0 (48) Wei,Y (2721)-Vachier Lagrave,M (2774) chess.com INT 2019}) 7. Bc4 {aiming for Ng5!} Nf6 8. Ne5 {[%csl Ge5][%cal Rc4f7]} e6 {White has an edge.} 9. Qe2 b5 10. Bb3 ({Much weaker is} 10. Nxc6 Qc7 $15) (10. Bd3 {is interesting.} Bb7 11. b3 Bd6 12. Bb2 O-O 13. c4) 10... Qc7 11. d4 Bd6 12. Bf4 $146 ({Predecessor:} 12. O-O O-O 13. c3 Bb7 14. Re1 {0-1 (50) Ducarmon,Q (2479)-Donchenko,A (2593) chess.com INT 2019}) 12... O-O 13. Bg3 a5 {...a4 is the strong threat.} 14. c3 c5 15. Rd1 c4 16. Bc2 Bb7 17. O-O $1 a4 18. a3 Nd5 19. Nf3 (19. Rde1 {looks sharper.} Rae8 20. Qh5 f5 21. h3 Rc8 22. Qg5) 19... Rae8 20. Be4 f5 21. Bxd5 Bxd5 22. Bxd6 Qxd6 23. Ne5 f4 24. f3 Rf5 25. Rde1 h5 26. Qd2 Qd8 27. Rf2 $36 {[%mdl 2048] White is more active.} Ref8 28. Kf1 Kh7 29. Ke2 Qh4 30. Kd1 Rd8 31. Kc1 Kg8 32. g3 fxg3 33. hxg3 Qg5 ({Avoid the trap} 33... Qxg3 $2 34. Rg2 $18) 34. Qxg5 Rxg5 {[#]} 35. g4 $1 Rf8 {[#] With the idea ...hxg4.} 36. Ref1 $1 Rf4 37. Kd2 Rxe5 38. dxe5 $16 {[%mdl 4096] Endgame KRR-KRB} g5 $2 {[%mdl 8192]} (38... hxg4 $16 39. fxg4 Rxg4 40. Rf8+ Kh7) 39. gxh5 $18 Kg7 40. Rg1 Kh6 41. Rg4 Rxf3 $2 (41... Kxh5 42. Rh2+ Kg6) 42. Rxf3 Bxf3 {KR-KB} 43. Rd4 Kxh5 44. Rd6 Bd5 45. Ke3 Kg6 46. Rb6 Kf5 47. Rxb5 Kxe5 48. Ra5 g4 49. Rxa4 g3 50. Ra7 Kf6 51. Rh7 Bc6 52. Rh3 g2 53. Kf2 Kg5 54. Rg3+ Kf4 55. Rxg2 Bxg2 56. Kxg2 {K3P-KPP. White mates.} Ke4 57. a4 {[%cal Ba3a4,Ba4a5][%mdl 32]} e5 58. a5 Kd5 59. Kf3 Kc5 60. Ke4 Kb5 61. Kxe5 Kxa5 62. Kd4 Kb5 63. Kd5 {Accuracy: White = 80%, Black = 44%.} 1-0